• 首页
  • 本馆介绍
  • 公告通知
  • 最新文献
  • 馆藏检索
  • 电子资源
  • 读者导购
  • 参考咨询
  • 我的图书馆
  • 登录
  • 详细信息显示
  • 放入我的书架
  • 预约/预借图书
  • 作者相关作品
  • 分类相关作品
  • 丛书相关作品
  • 出版社相关作品

书目信息

  • 表格格式
  • 工作单格式
  • 卡片格式
题名:
零基础绘画入门教程
    
 
作者: 程焰 编著
分册:   质感彩铅
出版信息: 南京   江苏凤凰美术出版社  2019.10
页数: 160页
开本: 24cm
丛书名:
单 册:
中图分类: J21 , J214.1
科图分类:
主题词: 绘画技法--教材 , 铅笔画--绘画技法--教材
电子资源:
ISBN: 978-7-5580-6797-6
000 01237nam 2200337 45
001 012001001076
005 20130910140750.0
010    @a978-7-5580-6797-6@dCNY49.80
099    @aCAL 012019153084
100    @a20191031d2019 em y0chiy0110 ea
101 0  @achi
102    @aCN@b320000
105    @aa z 000yy
106    @ar
200 1  @a零基础绘画入门教程@Aling ji chu hui hua ru men jiao cheng@i质感彩铅@f程焰编著
210    @a南京@c江苏凤凰美术出版社@d2019.10
215    @a160页@c彩图@d24cm
300    @a并列题名:Painting lessons for the absolute beginner
300    @a其他题名:质感彩铅
312    @a英文题名取自封面
314    @a程焰, 美术老师。
330    @a本书主要分三大部分, 彩铅工具的介绍和利用, 彩铅画技法的讲解演示, 以及30个代表案例步骤详解。案例从易到难, 循序渐进, 包含图解与重要技法, 让读者可以清晰地参考学习, 从而轻松稳步地学会彩铅画的基本方法和质感表现。
510 1  @aPainting lessons for the absolute beginner@iLifelike drawing in colored pencil@zeng
517 1  @a质感彩铅
606 0  @a绘画技法@j教材
606 0  @a铅笔画@x绘画技法@j教材
690    @aJ21@v5
690    @aJ214.1@v5
701  0 @a程焰@Acheng yan@4编著
801    @aCN@b江苏凤凰@c20211018
905    @b1342109-12@dJ21@e1295@f4
    
    零基础绘画入门教程.质感彩铅/程焰编著.-南京:江苏凤凰美术出版社,2019.10
    160页:彩图;24cm
    并列题名:Painting lessons for the absolute beginner.-其他题名:质感彩铅
    
    ISBN 978-7-5580-6797-6:CNY49.80
    本书主要分三大部分, 彩铅工具的介绍和利用, 彩铅画技法的讲解演示, 以及30个代表案例步骤详解。案例从易到难, 循序渐进, 包含图解与重要技法, 让读者可以清晰地参考学习, 从而轻松稳步地学会彩铅画的基本方法和质感表现。
●
相关链接 在E读中查询图书 在五车中查询图书 在当当中查询图书 在豆瓣中查询图书


正题名:零基础绘画入门教程     索取号:J21/1295         预约/预借

序号 登录号 条形码 馆藏地/架位号 状态 备注
1 1342109   213421091   第一样本阅览室/ [索取号:J21/1295] 在馆    
2 1342110   213421108   第一借阅区/ [索取号:J21/1295] 在馆    
3 1342111   213421117   第一借阅区/ [索取号:J21/1295] 在馆    
4 1342112   213421126   第一借阅区/ [索取号:J21/1295] 在馆    
唐山师范学院图书馆 欢迎您!
大连网信软件有限公司© 版权所有